000 01096nam0a22002651 4500
001 rc\515485
005 20030616165017.3
035 _a(NLR Aleph) 005755106
090 _a4880535
_c4880535
100 _a20030616d1988 u |0rusy50 ca
101 0 _arus
102 _aRU
105 _aa |||||||||
200 1 _aОПЫТ внедрения новых коллективных форм организации труда на промышленных предприятиях
_f[Данюк В.М., к. э. н. и др.]
210 _aКиев
_cУкрНИИНТИ
_d1988
215 _a43 с., включ. обл.
_cсхем.
_d20
225 1 _aЭкономика
_iСерия "Труд"
_eОбзор. информ.
_fУкр. НИИ НТИ и техн.-экон. исслед.
_vВып. 1
300 _aВ надзаг. также: Гос. план. ком. УССР
320 _aБиблиогр.: с. 41-42
702 1 _aДанюк
_bВ. М.
_gВасилий Макарович
_4220
801 0 _aRU
_bNLR
_gpsbo
801 1 _aRU
_bELAR
_2rusmarc
852 _aNLR
_jП22/5739
942 _cBOOK
980 _aNB